[Event "Euwe intern"]
[Site "?"]
[Date "2002.01.10"]
[Round "14"]
[White "Witt, Rob"]
[Black "Lesman, Francis"]
[Result "0-1"]
[WhiteElo "2234"]
[BlackElo "2146"]
[Annotator "Witt"]
[PlyCount "98"]

{Het is gebruikelijk dat de winnaar een partij van aantekeningen voorziet,
maar Francis is vandaag naar Wijk aan Zee afgereisd om tegen Jos te gaan
schaken, zodat ik het maar zal doen. Het was trouwens best een interessante
partij en ik ben de laatste maanden gewend om mijn nullen te analyseren. Het
eerste deel van de partij werd beinvloed door de dartmatch tussen Van
Barneveld en King, het tweede deel, zeg maar vanaf zet 20 door tijdnood.} 1.
Nf3 Nf6 2. c4 e6 {Toch wel verrassend. Ik had me net ingesteld op lange reeks
theoretische reeks KID-zetten, maar Francis heeft andere plannen.} 3. Nc3 b6 4.
g3 Bb7 5. Bg2 d6 {Hiermee geeft Francis te kennen dat hij het egelsysteem 
(hedgehog) nastreeft. Het is gebruikelijker omdat via 5....c5 in te luiden.} 6.
O-O Be7 7. Re1 Nbd7 {Dit is misschien onnauwkeurig.} 8. e4 c5 9. d4 cxd4 10.
Nxd4 Qb8 11. f4 {Het is duidelijk dat er iets niet goed gegaan is bij zwart.
Ik heb alleen maar simpele ontwikkelingszetten gedaan en sta duidelijk beter.
Als je de stelling na 10....Db8 aan Fritz geeft en vraagt naar 10
alternatieven voor wit te kijken dan geeft hij van alles, inclusief mijn 11.f4
wat hij het beste vindt, maar niet de enig andere zet die ik een minuut of 5
overwogen heb. Het gaat om het stukoffer op d5. Echt belachelijk is het toch
niet, bijv. Ik had echter geen zin in onduidelijke verwikkelingen, vond mijn
11.f4 ook prima, en spoedde mij weer naar de bar voor Barney-King.} (11. Nd5
Bd8 {Dit is eigenlijk de voornaamste reden waarom ik Pd5 naliet. Kan zwart het
offer aannemen?} (11... exd5 12. exd5 Ng8 (12... Kd8 $2 13. Nc6+ Bxc6 14. dxc6
$18) (12... Kf8 13. Nc6 Bxc6 14. dxc6 Ne5 15. c7 {met ruime compensatie.}) 13.
Nf5 Kf8 (13... g6 14. Qd4 f6 15. Bh6 {met gevaarlijke aanval.}) 14. Nxg7 {
en heeft voldoende compensatie.})) 11... h5 {Francis hee ft gelukkig een
kwartier nagedacht en komt nu met een opmerkelijk plan. De tekstzet is in
eerste instantie bedoeld om na een evt. e4-e5 met het paard naar g4 te kunnen.
Maar er zit nog een idee achter dat ik hier nog niet doorzag.} 12. h3 h4 13. g4
Nh7 {Dat was dus het idee. Francis wil als het even kan met g7-g5 vervolgen om
veld 5 voor zijn paard te veroveren. Hier besloot ik het darten even te laten
voor wat het was en een poging te doen om in de partij te komen. Uiteindelijk
investeerde ik ruim een half ur in deze stelling. Het probleem is dat wit
beschikt over onwaarschijnlijk veel kandidaatzetten die allemaal voordel
beloven. Uiteindelijk begon het me te duizelen. Ik wist niet wat het beste was,
maar besloot tot een gezonde zet die voor Francis waarschijnlijk het
vervelendste was omdat het zijn plan verhindert. Toen ik vervolgens weer in de
bar kwam zag ik dat King uitgelopen was naar 4-1 en op het punt stond 5-1 te
maken en daarmee de partij te beslissen. Gelukkig mistte hij de double en
Barney kwam terug tot 4-2.} 14. g5 {Zoals ik al zei, de alternatieven waren
legio, van links naar rechts:} (14. Nd5 $5 exd5 (14... Bd8 15. Nb4 $14) 15.
exd5 Ndf8 (15... Kf8 16. Nc6 Bxc6 17. dxc6 Ndf6 18. c7 Qe8 19. Bxa8 Qxa8 20. g5
$16) 16. Nf5 Ng6 17. Qd4 $14) (14. Nf5 exf5 15. exf5 Bxg2 16. Kxg2 Nhf6 17. g5
Ng8 18. Nd5 Kf8 {levert niks op.}) (14. b3 {beetje slap maar goed voor wit.}) (
14. f5 {ook goed voor wit.}) (14. Qa4 {dit vond Francis een goeie.}) (14. Qe2 {
ook niks mis mee.}) 14... Nhf8 {Opnieuw beschikt wit nu over een hele serie
goede zetten. Ik had nu echter geen zin meer om opnieuw lang na te denken en
besloot voort te gaan met wat ik eerder gepland had. Barney was inmiddels
teruggekomen tot 4-3 en de kans op 4-4 was aanwezig.} 15. f5 {Niet slecht,
maar er was beter.} (15. Nf5 $1 {In tegenstelling tot vorige gelegenheden was
dit nu zeer sterk geweest, waarschijnlijk winnend. Bijv.} exf5 (15... Rg8 16.
Nxe7 Kxe7 17. b3 Ng6 18. f5 Nge5 19. g6 $16) (15... Kd8 {Een vreemde Fritzzet
maar misschien wel de minst slechte.} 16. Nxe7 Kxe7 17. Qd4 e5 18. Qf2 ({
Niet zo duidelijk is} 18. Nd5+ Kd8 19. Qd1 exf4 20. Bxf4 Ng6) 18... Ne6 19. f5
Nd4 20. Be3 $18) 16. exf5 Bxg2 17. Kxg2 Ne5 {ik zie niks beters.} 18. Nd5 Bd8
19. fxe5 dxe5 20. Qa4+ Nd7 21. Qc6 $18) 15... Qc8 {Wit staat natuurlijk beter,
maar het is niet duidelijk hoe ik het nu het beste kan aanpakken.} 16. Ndb5 ({
Het prozaische} 16. b3 Ne5 17. Ndb5 {evt. gevolgd door f6 was misschien het
beste.}) ({Het scherpe} 16. g6 {was in ieder geval het interessantste. Maar ik
zag niet wat ik moest doen na} Qxc4 {Alle andere mogelijkheden zijn sowieso
zeer goed voor wit. Echter gewoon verder ontwikkelen met} ({bijv.} 16... fxg6
17. fxe6 Ne5 18. Nd5 $18) 17. Be3 {en op} fxg6 18. Bf1 $1 Qc8 19. fxe6 Nc5 20.
Bb5+ Kd8 21. e5 $1 {ziet er zeer sterk uit.}) 16... Qc6 17. Bf4 {Ongeveer hier
hoorde ik dat Barney verloren had.} Ne5 $6 (17... e5 18. Be3 a6 19. Na3 {
was beter maar dan is het witte voordeel van structurele aard. Zwart heeft
geen tegenspel en daar houdt Francis helemaal niet van.}) 18. Rc1 $6 {Snel
gespeeld, want ik had nog maar 18' en Francis na zijn volgende zet ook. Na de
partij dachten we dat ik hier een goede mogelijkheid gemist had.} (18. f6 $5
gxf6 19. gxf6 Bxf6 20. Qxd6 $5 Nfd7 {In de analyse achteraf hadden we
voornamelijk gekeken naar} (20... Qxd6 21. Nxd6+ Ke7 (21... Kd7 22. Rad1 $1 $18
{Deze hadden we niet gezien, zwart heeft geen zetten meer.}) 22. Nxb7 Rb8 23.
Nd5+ exd5 24. exd5 Nfg6 25. Bh2 $16 {vind ik nog niet helemaal overtuigend.})
21. Nc7+ Kd8 22. Bxe5 Bxe5 23. Qxc6 Bxc6 24. Nxa8 Bxa8 (24... Bxc3 25. bxc3
Bxa8 26. a4 $14) 25. Rac1 $14 {Maar zwart heeft zeker compensatie voor de
kwaliteit, met name omdat de witte loper zo slecht is.}) 18... a6 19. Nd4 Qd7
20. b3 Qd8 {Beiden hebben hier nog minder dan een kwartier.} 21. Qd2 Rh5 22. g6
(22. Qe2 $5) 22... fxg6 23. fxe6 g5 $6 (23... Bc8 $5) 24. Nf5 $2 {Ai, daar
gaat het grote voordeel. Ik geef mijn belangrijkste pion weg, waarna g7 ook
weer gedekt staat.} ({Sterk was} 24. Be3 {bijv.} g4 25. hxg4 Rg5 (25... Nxg4 $2
26. Qe2 $1 $18) 26. Nd5 Rxg4 27. Kh1 $16) 24... Nxe6 25. Bxe5 $2 {Aangeslagen
door de vorige blunder, produceer ik weer een slechte.} (25. Be3 {is nog
steeds iets beter voor wit.}) 25... dxe5 {Ik heb nu nog 5' en zwart 9'.} 26.
Qe2 Bc5+ 27. Kh1 Rh7 {Achteraf gaf Francis hier de voorkeur aan:} (27... g6 {
maar dat is maar de vraag, bijv.} 28. Rcd1 Bd4 29. Nd5 {en ik zie niet hoe
zwart in het voordeel komt.}) (27... g4 {is een suggestie van Fritz maar dat
lijkt ook niet overtuigend na:} 28. Rcd1 Qg5 29. Qxg4 Qxg4 30. hxg4 Rg5 31. Na4
) 28. Nd5 $2 ({Opnieuw beter was} 28. Rcd1 Nd4 29. Nxd4 Bxd4 30. Nd5 {en de
situatie is onduidelijk.}) 28... Nf4 (28... g6 $5) 29. Qg4 $6 {zet een
valstrik maar beter was} (29. Qb2 $5 Nd3 30. Qc3 {onduidelijk.}) 29... g6 $1 ({
Francis tuint er niet in} 29... Nd3 $2 30. Rf1 Nf2+ 31. Rxf2 Bxf2 32. Rf1 $18)
30. Rcd1 $6 {Typische tijdnoodzet die verliezend is.} (30. Nfe3 $17) 30... gxf5
$4 {Met nog 3'op de klok ziet Francis niet wat hier mis aan is. Eenvoudig en
goed was:} (30... Nxd5 31. exd5 Bc8 $1 32. Rxe5+ Kf8 33. d6 {laatste kans!}
Raa7 $1 {en wit lijkt uitgepraat.} (33... gxf5 $2 34. Rxf5+ Bxf5 35. Qxf5+ Rf7
36. Qg6 $1 Raa7 37. Qh6+ Kg8 38. Bd5 {en zwart lijkt niet te kunnen winnen.
Ongelooflijk!})) 31. exf5 $4 {En ik dus o ok niet. Ik pakte de pion op f5 en
mijn hand ging naar de dame waarboven die bleef hangen. Ik zette de zwarte
pion weer neer op f5, keek nog eens en veranderde toen helaas van gedachten.} (
31. Qxf5 Rh6 {Dit blijkt de enige zet te zijn, maar ook onvoldoende:} (31...
Rf7 32. Qxe5+ Kf8 33. Qh8# {Stuitend dat we dit allebei gemist hebben.}) 32.
Nxf4 Bd4 33. Ne6 (33. Ng6 Qd6 34. Rf1 $16) 33... Qe7 34. Nxd4 exd4 35. Rxd4 $16
) 31... Nxd5 {Nu staat zwart gewonnen, beiden hebben nog iets meer dan een
minuut.} 32. Rxe5+ Kf8 33. Bxd5 Qf6 (33... Bxd5+ 34. cxd5 Bd6 $19) 34. Re6 Qc3
35. Rf1 $6 Bxd5+ 36. cxd5 Qd4 $6 37. Qxg5 $6 Qxd5+ 38. Kh2 Bd6+ 39. Kg1 Rg7 40.
Rg6 Qd4+ 41. Kg2 Qe4+ 42. Rf3 Qe2+ 43. Rf2 Qe4+ 44. Kg1 Rxg6 45. fxg6+ Kg8 46.
Qh6 {Pas hier hielden we op met vluggeren.} Ra7 47. Rf7 Bc5+ 48. Kf1 Qd3+ 49.
Ke1 Qg3+ {en ik feliciteerde Francis.} 0-1

[Event "Euwe intern"]
[Site "?"]
[Date "2002.01.10"]
[Round "14"]
[White "Witt, Rob"]
[Black "Lesman, Francis"]
[Result "0-1"]
[WhiteElo "2234"]
[BlackElo "2146"]
[Annotator "Moll,Witt"]
[PlyCount "26"]

{Arne: een interessante partij, waaruit ik eigenlijk alleen de openingsfase
wil lichten. Ik begrijp namelijk een aantal opmerkingen van Rob niet. Ik zal
proberen er zelf iets van te maken - daarbij in oogschouw nemend dat ik niets
van de Egel afweet -, en hoop dan natuurlijk op het verlossende woord van Rob.
Rob: Ai, hier wordt van mij het verlossende woord gevraagd. Laat ik nu maar
gelijk verklappen dat ik dat niet kan geven. Een jaar geleden, tijdens de
halve finales NK in Leeuwarden, verloor ik met wit nogal kansloos van Ruud
Janssen met het dameindisch. Ik was tijdens dat weekend nogal onder de indruk
van twee winstpartijen van Van de Mortel op Jan Werle (de tweede was een
rapidpartij). Mortel opent altijd 1.Pf3 en met name de anti-dameindische en
anti-nimzoindische opzet trok me aan. Al eerder hadden partijen van Kramnik
mijn aandacht getrokken. Ik besloot na dat weekend voorlopig 1.Pf3 te openen,
met name om het dame- en nimzoindisch te ontwijken. Ik heb het echter nooit
systematisch bestudeerd, het is alleen bedoeld om theorie te ontwijken! Het
type stelling ligt me goed, ook zonder theoretische kennis. Zie bijv. mijn
partij tegen Nikolic. Mijn volgende opmerkingen zijn dus niet gebaseerd op
theoretische kennis uit boeken of databases maar op gevoel en hopenlijk ook
een beetje gezond verstand.} 1. Nf3 Nf6 2. c4 e6 3. Nc3 b6 4. g3 Bb7 5. Bg2 d6
6. O-O Be7 7. Re1 Nbd7 {Rob schrijft dat dit misschien onnauwkeurig is.
Inderdaad is deze zet volgens mijn database niet veel gespeeld. Waarom niet?
Als wit het met e4 en d4 speelt (zoals in de partij), komt het vaak neer op
zetverwisseling. Met e4 kan echter weinig mis zijn, dus . .. Rob: Deze opmerki
ng was gebaseerd op een vage herinnering dat Kramnik ergens beweerde dat het
nuttig is om Pbd7 uit te stellen ten gunste van a6, als je de hedgehogstelling
wilt spelen. Maar ik kan niet met concrete zetten aangeven iets aantonen.} 8.
e4 c5 {Een zoekfunctie op de database levert 71 partijen op met deze stelling.
Gezien het feit dat er voor beide kleuren sterke spelers bijzitten 
(Rogozenko-Wahls, 2000 en Vaganjan-Razuvajev, 1981 om er maar eens twee te
noemen), mogen we wel aannemen dat er weinig mis is met deze volgorde. Het
lijkt er dus op dat Pbd7 niet onnauwkeurig is, en de stelling speelbaar is
voor wit en zwart.} 9. d4 cxd4 10. Nxd4 {Dit lijkt de normaalstelling vanuit
deze volgorde. Beide spelers hebben eigenlijk alleen maar nuttige zetten
gedaan en de vraag is: hoe nu verder. Er is geen eenduidig antwoord; zwart
heeft talloze zetten geprobeerd (waaronder het door Francis gespeelde Db8), en
ook wit heeft vele plannen tot zijn beschikking.} Qb8 {Deze zet is zeker
bekend, maar de dame gaat meestal naar c7. De bedoeling is om Pb5 uit te
lokken, waarna de dame alsnog naar b8 gaat. De resultaten van zwart zijn in
die variant niet slecht. Rob: Nu ik er nog eens naar kijk, denk ik dat Db8 de
oorzaak is van de zwarte problemen. Ik blijf er namelijk van overtuigd dat
zwart problemen heeft omdat veel normale zetten niet meer gaan. 10....Dc7
leidt na 11.Le3 (11.f4!?) inderdaad tot normale stellingen, die ik overigens
graag met wit speel.} (10... Qc7 {is de meest gebruikelijke zet.}) (10... Qc8)
(10... Nc5) (10... a6) (10... O-O) 11. f4 {Rob schrijft hier: "Het is
duidelijk dat er iets niet goed gegaan is bij zwart. Ik heb alleen maar
simpele ontwikkelingszetten gedaan en sta duidelijk beter." Een opmerkelijk
citaat! Heeft zwart niet ook alleen maar simpele ontwikkelingszetten gedaan?
En waarom staat wit hier eigenlijk zo goed? Aan ruimtevoordeel kan het toch
niet liggen, als dat wel zo was, zou niemand ooit Egel spelen met zwart.
Eerlijk gezegd denk ik dat er niet zoveel mis is met de zwarte stelling. Het
is een kwestie van smaak of je dit met wit of zwart wilt spelen. Rob schrijft
dat hij het stukoffer Pd5 heeft overwogen. Zoals bijna alle legale witte
zetten in deze stelling, is ook dat al eerder gespeeld. Men zie:} (11. Nd5 $5
Bd8 {is de reden waarom Rob er niet op in ging! Maar als zwart al zo'n zet
moet doen, is dat toch juist een reden om het stukoffer wel te spelen?!
Overigens is deze zet waarschijnlijk wel de beste keuze. De varianten die Witt
geeft als zwart het stukoffer aanneemt, lijken me geen feest.} (11... exd5 12.
exd5 Ng8 (12... Kd8 $2 13. Nc6+ Bxc6 14. dxc6 $18 {wordt door Rob terecht als
winnend voor wit gegeven. Gek genoeg kwam het nog voor in de partij
Chumfwa-Uribe, 2000. Laten we het er maar op houden dat het hier twee niet al
te grote lichten betrof...}) (12... Kf8 13. Nc6 Bxc6 14. dxc6 Ne5 15. c7 $44)
13. Nf5 Kf8 (13... g6 14. Qd4 f6 15. Bh6 $40) 14. Nxg7 $44) 12. Nxf6+ Bxf6 13.
Nf5 Be7 14. Bf4 Ne5 15. Qe2 a6 16. Nd4 O-O $11 {en spoedig remise in
Krivoshey-Debnar, 1999.}) (11. Bg5 $6 {is gespeeld maar lijkt me geen
toppertje.}) (11. b3) (11. Qe2) 11... h5 $5 {Zoals Rob zegt een opmerkelijk
plan, en ook dit is al vaker voorgekomen. Men ziet, een nieuwe zet verzinnen
in zo'n normale stelling is zo eenvoudig nog niet! Alternatieven zien er
gevaarlijk uit voor zwart:} (11... O-O 12. f5 $1 (12. g4 $5 g6 13. f5 e5 14.
Nc2 Rc8 15. Ne3 g5 16. h4 h6 17. hxg5 hxg5 18. b3 {ziet er goed uit voor wit,
hoewel zwart won in Ishkush-Kabanov, 1999.}) (12. Be3 $5) 12... e5 13. Nc2 {
en wit staat beter, o.a. Prudnikova-Elscher, 1997.}) (11... Qc8 $6 {is
inconsequent, hoewel het voorgekomen is. De dame kan ook meteen naar c8.}) ({
Rob: Is de stelling wel zo normaal? Ik denk dat Francis ook zag dat de rokade
uiterts twijfelachtig was.} 11... O-O 12. e5 $1 {Rob: Dit was ik namelijk van
plan en niet 12.f5! waarvan ik het uitroepteken overdreven vindt. Ik heb ook
even in chesslab gekeken en ben verbaasd dat niemand hier 12.e5! speelt.
Overzie ik iets?} dxe5 (12... Ne8 13. Nc6 $18) 13. fxe5 Ne8 {Al het andere is
nog slechter.} 14. Nc6 Bc5+ 15. Be3 {Tot hier had ik tijdens de partij gekeken.
Het leek me zeer goed voor wit en ook nu met Fritz erbij blijf ik bij mijn
oordeel.} Bxc6 16. Bxc6 ({Ook} 16. Bxc5 Bxg2 17. Bxf8 {is niet slecht.}) 16...
Qxe5 17. Bxa8 Bxe3+ 18. Kg2 Nef6 19. Qf3 $16) 12. h3 h4 $5 $146 {Nieuw! Bekend
was hier twee zetten, die er beide een beetje verdacht uitzien. De tekstzet
heeft in ieder geval het voordeel consequent te zijn.} (12... a6 {het idee is
niet alleen Pb5 voorkomen, maar ook Ta7 en La8.} 13. Nd5 $5 Bd8 (13... exd5 14.
exd5 Nf8 15. Nf5 Ng6 16. Nxg7+ Kf8 $13 {is denk ik een betere poging.}) 14. e5
dxe5 15. fxe5 Ng8 16. Bf4 g5 17. Nf5 $1 $40 (17. Nxe6 $2 fxe6 18. Nf6+ Ndxf6
19. exf6 gxf4 20. f7+ Ke7 $4 (20... Kxf7 21. Qd7+ (21. Rxe6 Bxg2 $19) 21... Be7
) 21. Rxe6+ Kxe6 22. Bd5+ {1-0 Oms-Minneb o, 1997. Met dit soort
ogenschijnlijk mooie aanvalspartijen maar in werkelijkheid van fouten aan
elkaar hangende gevalletjes zitten de moderne databases natuurlijk vol. Altijd
kritisch blijven dus.})) (12... Kf8 $2 13. e5 dxe5 14. fxe5 Nxe5 15. Bxb7 Qxb7
16. Rxe5 $18 {en enkele zetten later 1-0 in Wirthensohn-Sehrt, 1991.}) 13. g4
Nh7 {Tot zover mijn bijdrage aan deze partij. Ik weet het, de partij moet nog
beginnen, en het spannende gedeelte komt pas veel later. Maar het ging mij
meer om de problematiek van de opening. Wit heeft voordeel, maar het kan ook
een nadeel zijn om zoveel keuze te hebben. "You can only play one good move at
the time" zei iemand eens. Het voordeel van de zwarte stelling is natuurlijk
juist dat wit zich met iedere zet die hij doet weer een beetje meer bloot
geeft. Of wit groot voordeel heeft, waag ik te betwijfelen. Ik wil eindigen
met een citaat van Michail Suba uit John Watson's The Secrets of Modern Chess
Strategy. "A frequent picture in the Hedgehog. White's position looks ideal.
That's the naked truth about it, but the 'ideal' has by definition one
drawback - it cannot be improved." Of dit van Rob's witte Egel-opstelling
gezegd kan worden, laat ik graag aan de lezer over.} 0-1